|
|
|
|
| LEADER |
02126nam a2200409 i 4500 |
| 001 |
33000 |
| 003 |
BD-DhAAL |
| 005 |
20180527124334.0 |
| 008 |
180327t2012 cau b 001 0 eng |
| 999 |
|
|
|c 39145
|d 39145
|
| 010 |
|
|
|a 2012008872
|
| 020 |
|
|
|a 9781598848649 (paperback : acidfree paper)
|
| 020 |
|
|
|a 9781598848632 (case)
|
| 020 |
|
|
|z 9781610692595 (ebook)
|
| 040 |
|
|
|a DLC
|b eng
|c DLC
|e rda
|d BD-DhAAL
|
| 042 |
|
|
|a pcc
|
| 043 |
|
|
|a n-us---
|
| 050 |
0 |
0 |
|a Z687
|b .E918 2012
|
| 082 |
0 |
0 |
|a 025.21
|2 23
|
| 100 |
1 |
|
|a Evans, G. Edward,
|d 1937-
|9 25264
|
| 240 |
1 |
0 |
|a Developing library and information center collections
|
| 245 |
1 |
0 |
|a Collection management basics /
|c G. Edward Evans and Margaret Zarnosky Saponaro.
|
| 250 |
|
|
|a Sixth edition.
|
| 260 |
|
|
|a Santa Barbara, California :
|b Libraries Unlimited, an imprint of ABC-CLIO, LLC,
|c 2012.
|
| 300 |
|
|
|a xvi, 343 pages ;
|c 26 cm.
|
| 490 |
0 |
|
|a Library and information science text series
|
| 504 |
|
|
|a Includes bibliographical references and index.
|
| 520 |
|
|
|a "Now thoroughly revised for today's 21st-century library environment, this title provides a complete update of the classic Developing Library and Information Center Collections--the standard text and authority on collection development for all types of libraries and library school students since 1979"--
|
| 526 |
|
|
|a AAL
|
| 541 |
|
|
|a Trim Education
|e 33000
|
| 650 |
|
0 |
|a Collection development (Libraries)
|9 25265
|
| 650 |
|
0 |
|a Libraries
|x Special collections
|x Electronic information resources.
|9 25266
|
| 700 |
1 |
|
|a Saponaro, Margaret Zarnosky.
|9 25267
|
| 775 |
0 |
8 |
|i Revision of:
|a Evans, G. Edward, 1937-
|t Developing library and information center collections
|b 5th ed.
|d Westport, Conn. : Libraries Unlimited, 2005
|h xx, 446 p. : ill. ; 26 cm. + 1 computer disc (4 3/4 in.)
|k Library and information science text series
|w (DLC) 2005016098
|
| 852 |
|
|
|a Ayesha Abed Library
|c General Stacks
|
| 942 |
|
|
|2 ddc
|c BK
|
| 952 |
|
|
|0 0
|1 0
|2 ddc
|4 0
|6 025_210000000000000_EVA
|7 0
|9 62996
|a BRACUL
|b BRACUL
|c GEN
|d 2018-03-27
|e Trim Education
|g 5289.00
|l 0
|o 025.21 EVA
|p 3010033000
|r 2018-03-27
|t 1
|v 5289.00
|w 2018-03-27
|y BK
|